000
00307nam a2200109Ia 4500
008
160609s9999 xx 000 0 und d
100
_a
Nannicelli, Ted.
245
2
_a
A Philosophy Of The Screenplay
245
_c
By:Ted Nannicelli
260
_c
2015
856
_u
http://file.ebook777.com/002/APhiOfTheScr.pdf
999
_c
295658
_d
295658